| 000 | 00818nam a2200289Ia 4500 | ||
|---|---|---|---|
| 008 | 171025s9999 xx 000 0 und d | ||
| 020 | _a9780470276778 | ||
| 050 | _a332.6 | ||
| 050 | _bH873 2008 | ||
| 100 | _aHsu, Robert | ||
| 245 | _aChina fireworks : | ||
| 245 | _bhow to make dramatic wealth from the fastest-growing economy in the world / | ||
| 245 | _cby Robert Hsu. | ||
| 260 | _aUSA : | ||
| 260 | _bWiley, | ||
| 260 | _c2008 | ||
| 300 | _axi, 275 pages : | ||
| 300 | _billustrations ; | ||
| 300 | _c23cm. | ||
| 500 | _aIncludes bibliographic reference and index. | ||
| 650 | _aChina -- | ||
| 650 | _aInvestments -- | ||
| 650 | _xChina. | ||
| 650 | _xEconomic conditions -- 21st century. | ||
| 700 | _aTitle : Wealth from the fastest growing economy in the world. | ||
| 700 | _aTitle. | ||
| 999 |
_c344571 _d344571 |
||